| 000 | 00754nam a22002657a 4500 | ||
|---|---|---|---|
| 003 | CHAP | ||
| 005 | 20220817042030.0 | ||
| 008 | 971013s r 00010 d | ||
| 010 | _a32480 | ||
| 011 | _a33452 | ||
| 035 | _a37567 | ||
| 040 | _cCHAP | ||
| 090 | _aMP-84 | ||
| 100 | 0 | 0 |
_aMather, K. _972988 |
| 245 | 1 | _aVariation and selection of polygonic character | |
| 500 | _aSobretiro de: J. Genet. 41:159-93, 1941 | ||
| 590 |
_aBATCH-UPD _b10 _c20130110 _lUCH01 _h0924 |
||
| 590 |
_aBATCH-UPD _b10 _c20130410 _lUCH01 _h0545 |
||
| 590 |
_aBATCH-UPD _b10 _c20130914 _lUCH01 _h1537 |
||
| 590 |
_aCONVERSION _b10 _c20130109 _lUCH01 _h1318 |
||
| 650 | 1 | 4 | _aGenética vegetal. |
| 901 | _aBK | ||
| 942 | _cMP | ||
| 949 |
_aMP-84 _bBC _cMP _d-86109 _eMP _i37567 _si |
||
| 999 |
_c32480 _d32480 |
||